| 000 | 00748nac a22002051u 4500 | ||
|---|---|---|---|
| 020 | _a0131273957 (pbk.) | ||
| 082 |
_a339 _bF943 |
||
| 090 |
_c1522 _d1522 |
||
| 100 | _aFroyen, Richard T. | ||
| 245 |
_aMacroeconomics : _btheories and policies / _cRichard T. Froyen. |
||
| 250 | _a8th ed. | ||
| 260 |
_aUpper Saddle River, NJ : _bPearson Prentice Hall, _c2005. |
||
| 300 |
_axx, 508 p. ; _c24 cm. |
||
| 440 | _aPrentice hall series in economics | ||
| 500 | _a"International edition" | ||
| 504 | _aIncludes bibliographical references and index. | ||
| 650 | 0 | _aMacroeconomics. | |
| 942 |
_cTB _k339F943 |
||
| 999 |
_c1522 _d1522 |
||